VRAI ou FAUX pour les nuls - Statistiques

Statistiques générales
  • Ce quiz a été pris 392 fois
  • Le résultat moyen est 10 sur 10
Statistiques - réponses
Question Réponse % Correct
T'es sur Jetpunk VRAI
99%
Les dinosaures se sont fait tuer par les humains. FAUX
98%
Playstation station c'est une marque de télé. FAUX
98%
SDF c'est la classe sociale la plus riche. FAUX
98%
L'herbe c'est bleu. FAUX
98%
Paris est la capitale de la France. VRAI
98%
Mario il est zoologiste. FAUX
97%
Est-ce que la première question était VRAI? FAUX
96%
La tomate est un fruit. VRAI
96%
Cette phrase est VRAI VRAI
80%
Aucun quiz correspondant
Distribution des résultats
% des personnes avec chaque résultat
Percentile par nombre de réponses
Votre historique - résultats
Vous n’avez pas pris ce quiz